| 000 | 01679cam a2200325 a 4500 | ||
|---|---|---|---|
| 001 | 15519463 | ||
| 005 | 20090730190115.0 | ||
| 008 | 081112s2010 maua |d 001 0 eng d | ||
| 010 | _a 2008049008 | ||
| 020 | _a9780071263320 | ||
| 035 | _a(OCoLC)ocn244764199 | ||
| 040 |
_aDLC _cDLC _dBTCTA _dC#P _dBWX _dYDXCP _dOCLCQ _dDLC |
||
| 050 | 0 | 0 |
_aTK5102.5 _b.C3 2010 |
| 082 |
_222 _a621.38223 _bCAR |
||
| 100 | 1 |
_aCarlson, A. Bruce, _d1937- _99960 |
|
| 245 | 1 | 0 |
_aCommunication Systems : _bAn Introduction to Signals and Noise in Electrical Communication / _cA. Bruce Carlson, Paul B. Crilly. |
| 250 | _a5th ed. | ||
| 260 |
_aBoston : _bMcGraw-Hill Higher Education, _cc2010. |
||
| 300 |
_axx, 924 p. : _bill. ; _c24 cm. |
||
| 500 | _aIncludes index. | ||
| 650 | 0 |
_aSignal theory (Telecommunication) _99961 |
|
| 650 | 0 |
_aModulation (Electronics) _99962 |
|
| 650 | 0 |
_aDigital communications. _99963 |
|
| 700 | 1 |
_aCrilly, Paul B. _99964 |
|
| 942 |
_2ddc _cBB |
||
| 999 |
_c13044 _d13044 |
||